000 01729nam a22002297a 4500
999 _c59969
_d59969
003 Ge_BSU
005 20230525123039.0
008 230525s1964 ge ||||| |||| 00| 0 geo d
041 _ageo
080 _a39(=353.1)(084.1) +745.52(479.22)(084.1) ს-32
245 _aსაქართველოს ეთნოგრაფია :
_bდაჩითული ქსოვილები /
_c[ავტ. ნ. ბრაილაშვილი] ; ივ. ჯავახიშვილის სახ. ისტორიის ინ-ტი, ს. ჯანაშიას სახ. საქ. სახელმწ. მუზეუმი.
264 _aთბილისი :
_bსაბჭ. საქართველო,
_c1964.
300 _a23 გვ. :
_bილ. ;
_c29 სმ.
490 _aეთნოგრაფიულ და ანთროპოლოგიურ მეცნიერებათა VII საერთაშორისო კონგრესისათვის
500 _aტექსტი პარალელურად ქართულ და რუსულ ენებზე
653 _aქართველების ეთნოგრაფია
653 _aილუსტრაციების ალბომები.
653 _aდაჩითული ქსოვილები.
700 _aბრაილაშვილი, ნ.
_eავტორი.
_918215
710 _aივ. ჯავახიშვილის სახ. ისტორიის ინსტიტუტი
_bს. ჯანაშიას სახ. საქართველოს სახელმწიფო მუზეუმი.
_918216
942 _2udc
_cBK